[Event "Commonwealth-ch"]
[Site "Nagpur"]
[Date "2008.10.02"]
[Round "6"]
[White "Wettasinghe, SV."]
[Black "Atishay, Ajmera"]
[Result "1/2-1/2"]
[WhiteElo "1765"]
[BlackElo "1931"]
[PlyCount "37"]
[EventDate "2008.09.28"]
[EventType "swiss"]
[EventRounds "11"]
[EventCountry "IND"]
[SourceTitle "CBM 126 Extra"]
[Source "ChessBase"]
[SourceDate "2008.11.05"]
[SourceVersion "1"]
[SourceVersionDate "2008.11.05"]
[SourceQuality "1"]

1. e4 e6 2. d4 d5 3. exd5 exd5 4. Bd3 Bd6 5. c3 Nc6 6. Be3 Nge7 7. Ne2 0-0 8. 0-0 Bf5 9. Ng3 Bg6 10. f4 Bxd3 11. Qxd3 f5 12. Nd2 Qd7 13. Nf3 Ng6 14. Ne5 Bxe5 15. dxe5 Ngxe5 16. fxe5 f4 17. Bc5 fxg3 18. Bxf8 gxh2+ 19. Kxh2 1/2-1/2

[Event "Commonwealth-ch"]
[Site "Nagpur"]
[Date "2008.10.01"]
[Round "5"]
[White "Atishay, Ajmera"]
[Black "Saurabh, Kherdekar"]
[Result "0-1"]
[WhiteElo "1931"]
[BlackElo "2213"]
[PlyCount "76"]
[EventDate "2008.09.28"]
[EventType "swiss"]
[EventRounds "11"]
[EventCountry "IND"]
[SourceTitle "CBM 126 Extra"]
[Source "ChessBase"]
[SourceDate "2008.11.05"]
[SourceVersion "1"]
[SourceVersionDate "2008.11.05"]
[SourceQuality "1"]

1. d4 d6 2. Nf3 Bg4 3. Nbd2 Nf6 4. g3 g6 5. Bg2 Bg7 6. 0-0 0-0 7. h3 Bxf3 8. Nxf3 c6 9. c4 Nbd7 10. Re1 e5 11. e4 exd4 12. Nxd4 Re8 13. Nb3 a5 14. Bf4 a4 15. Nd2 Nc5 16. Qc2 Ne6 17. Be3 Nd7 18. Rad1 Nd4 19. Qb1 c5 20. f4 Nb8 21. Nf3 Nbc6 22. Bxd4 Bxd4+ 23. Nxd4 Nxd4 24. Kh2 Rb8 25. f5 b5 26. fxg6 hxg6 27. e5 Rxe5 28. Rxe5 dxe5 29. Bd5 Kg7 30. Rf1 f5 31. Qe1 Qd6 32. Rf2 bxc4 33. Bxc4 Rxb2 34. Kg1 e4 35. Qc3 Rxf2 36. Kxf2 Qb6 37. a3 Qb1 38. Be2 Qa2 0-1

[Event "Wch U14"]
[Site "Kemer"]
[Date "2007.11.28"]
[Round "11"]
[White "Grandadam, Nicolas"]
[Black "Atishay, Ajmera"]
[Result "1-0"]
[WhiteElo "2060"]
[BlackElo "1903"]
[PlyCount "97"]
[EventDate "2007.11.18"]
[EventType "swiss"]
[EventRounds "11"]
[EventCountry "TUR"]
[SourceTitle "CBM 121 Extra"]
[Source "ChessBase"]
[SourceDate "2008.01.10"]
[SourceVersion "1"]
[SourceVersionDate "2008.01.10"]
[SourceQuality "1"]

1. Nf3 Nf6 2. c4 c6 3. d4 d5 4. Nc3 g6 5. Bf4 Bg7 6. e3 Bf5 7. Qb3 Bc8 8. Bd3 b6 9. cxd5 cxd5 10. Bb5+ Kf8 11. Ne5 Bb7 12. g4 a6 13. Bd3 Nc6 14. Nxc6 Bxc6 15. f3 h6 16. h4 Ne8 17. 0-0-0 Nc7 18. Bxc7 Qxc7 19. f4 b5 20. Kb1 Qd6 21. h5 gxh5 22. gxh5 e6 23. f5 Bf6 24. fxe6 fxe6 25. e4 Bg5 26. Rdf1+ Kg7 27. Qc2 Raf8 28. e5 Qd7 29. Bxb5 Rhg8 30. Bxc6 Qxc6 31. Na4 Qxc2+ 32. Kxc2 Rc8+ 33. Kd3 Rc6 34. Rf2 Rgc8 35. Rhf1 R8c7 36. Rf8 Rc2 37. R8f7+ Rxf7 38. Rxf7+ Kxf7 39. Kxc2 Ke8 40. Nc5 Be3 41. Kd3 Bc1 42. Kc3 a5 43. Nb3 Be3 44. Kd3 a4 45. Kxe3 axb3 46. a3 Kd7 47. Kd3 Kc6 48. Kc3 Kb5 49. Kxb3 1-0

[Event "Wch U14"]
[Site "Kemer"]
[Date "2007.11.22"]
[Round "5"]
[White "Nikolashvili, Giorgi N"]
[Black "Atishay, Ajmera"]
[Result "1-0"]
[WhiteElo "2112"]
[BlackElo "1903"]
[PlyCount "49"]
[EventDate "2007.11.18"]
[EventType "swiss"]
[EventRounds "11"]
[EventCountry "TUR"]
[SourceTitle "CBM 121 Extra"]
[Source "ChessBase"]
[SourceDate "2008.01.10"]
[SourceVersion "1"]
[SourceVersionDate "2008.01.10"]
[SourceQuality "1"]

1. d4 d5 2. c4 dxc4 3. Nf3 Nf6 4. e3 e6 5. Bxc4 c5 6. 0-0 a6 7. a4 Nc6 8. Nc3 cxd4 9. exd4 Nb4 10. Bg5 Be7 11. Re1 0-0 12. Qe2 h6 13. Bh4 Re8 14. Rad1 Nbd5 15. Ne5 Qd6 16. Ba2 Bd7 17. Bg3 Nxc3 18. bxc3 Qb6 19. Rb1 Qa5 20. Rxb7 Bxa4 21. Nxf7 Kxf7 22. Qxe6+ Kg6 23. Bb1+ Kh5 24. Qh3+ Kg5 25. f4# 1-0

[Event "Wch U14"]
[Site "Kemer"]
[Date "2007.11.20"]
[Round "3"]
[White "Dubessay, Bastien"]
[Black "Atishay, Ajmera"]
[Result "1-0"]
[WhiteElo "2097"]
[BlackElo "1903"]
[PlyCount "201"]
[EventDate "2007.11.18"]
[EventType "swiss"]
[EventRounds "11"]
[EventCountry "TUR"]
[SourceTitle "CBM 121 Extra"]
[Source "ChessBase"]
[SourceDate "2008.01.10"]
[SourceVersion "1"]
[SourceVersionDate "2008.01.10"]
[SourceQuality "1"]

1. d4 d5 2. c4 dxc4 3. Nf3 Nf6 4. e3 e6 5. Bxc4 c5 6. 0-0 a6 7. a4 Nc6 8. Qe2 cxd4 9. Rd1 Be7 10. exd4 Nb4 11. Nc3 Bd7 12. d5 Nbxd5 13. Nxd5 Nxd5 14. Bxd5 exd5 15. Rxd5 Qc7 16. Re5 Be6 17. Bf4 Qb6 18. a5 Qb4 19. Re4 Qc5 20. Nd4 0-0 21. Rxe6 fxe6 22. Nxe6 Qb4 23. Nxf8 Rxf8 24. Be5 Bc5 25. Bc3 Qf4 26. Rf1 Qf5 27. b4 Bd6 28. Qc4+ Qf7 29. Qxf7+ Rxf7 30. Rd1 Bf8 31. Rb1 Rc7 32. Be1 Kf7 33. b5 axb5 34. Rxb5 Bd6 35. g3 Ke6 36. Kg2 Bc5 37. Bd2 Bd4 38. Kf1 Rc2 39. Be1 Rc7 40. Ke2 Bf6 41. Bd2 Rd7 42. Be3 Ke7 43. Kf3 Ke6 44. Ke4 Rc7 45. Rb6+ Ke7 46. Kd5 Bc3 47. Bc5+ Kf7 48. Rb5 Rd7+ 49. Kc4 Bf6 50. Be3 Rc7+ 51. Kd5 Rd7+ 52. Kc5 Bd8 53. Kc4 Bf6 54. Rh5 h6 55. Rb5 Rc7+ 56. Kd5 Rd7+ 57. Ke4 Re7+ 58. Kf5 Rd7 59. h4 g6+ 60. Ke4 h5 61. Bg5 Bg7 62. f4 Ke6 63. Rb6+ Kf7 64. Rb5 Ke6 65. Rb6+ Kf7 66. a6 bxa6 67. Rxa6 Rb7 68. Ra3 Rd7 69. Kf3 Rb7 70. Ra5 Bc3 71. Rc5 Bg7 72. f5 gxf5 73. Rxf5+ Kg6 74. Rc5 Rb3+ 75. Ke4 Rb4+ 76. Kf3 Rb3+ 77. Kg2 Rb2+ 78. Kh3 Rb6 79. Bd8 Ra6 80. Rg5+ Kh6 81. Bc7 Rc6 82. Bf4 Kh7 83. Rxh5+ Kg6 84. Rg5+ Kh7 85. Kg4 Rc4 86. Kh5 Bh6 87. Rf5 Bg7 88. g4 Rc6 89. g5 Ra6 90. Kg4 Ra1 91. Rd5 Ra6 92. h5 Rc6 93. g6+ Kg8 94. Rd8+ Bf8 95. Kf5 Rc5+ 96. Be5 Rc1 97. h6 Rf1+ 98. Ke6 Rh1 99. h7+ Rxh7 100. gxh7+ Kxh7 101. Rxf8 1-0